01161nam a22002897a 4500003000900000005001700009008003700026020001500063040002200078082001600100100001600116245015900132260006800291300002900359490003200388700002500420700002800445700004100473700003500514830003100549910001100580942001200591945003300603952017600636956004200812999001700854DO-SdBNP20171206102656.0161031b 1996 xxu a 00| 0 spa d a0673758850 aBPMSUbspacBPMSU axxxxbP342r1 aPaxton, Tom10aRigoberto /cTom Paxton ; ilustraciones Don Vanderbeek ; adaptación Patricia Almada ; traducción Mercedes Quintana Barragán, Natalia Ruano Martinez  aEstados Unidos : bCelebration Press, bScott Foresman, c1996. a8 p. : bil. ; c18 cm. 1 aPequeñitas celebraciones 12aVanderbeek, Doneil.12aAlmada, Patriciaeadap.12aQuintana Barragán, Mercedesetrad.12aRuano Martinez, Nataliaetrad. 0aPequeñitas celebraciones a000144 2ddccBK ainventariado extranjero / DG 00102ddc40708CI-GaBPMETbBPMETd2017-10-31eDonado por la Biblioteca Infantil Juvenil República Dominicanal0oxxxx P342rpBPMSU17100197r2017-10-31w2017-10-31yBK 2YLOCKWARD3108BPMSUaYngrid Lockward c12735d12735